000 00416nam a2200121Ia 4500
008 220620s9999||||xx |||||||||||||| ||und||
100 _aCattani, Adelino||Mastroianni, Bruno
245 0 _aChapter Introduction
546 _aEnglish[eng]
650 _aArgumentation Theory||Debate||Rhetoric||Education||Deliberative debate
856 _uhttps://library.oapen.org/bitstream/20.500.12657/56403/1/26129.pdf
942 _cEB
999 _c29883
_d29883